000 00563nam a2200193Ia 4500
005 20250508165940.0
008 008 250505s9999 xx 000 0 eng d
037 _aDissertations
040 _aFEDL
_beng
_cFEDL
041 _aeng
_2eng
084 _a510.7, VER/DI
_qFEDL
100 _aVerma Neha
_9429679
245 0 _aDiscerning Van Hieles didactics in primary grades NCERT textbook
260 _c2018
300 _avi, 81p.
546 _aM.Ed. Dissertation (Delhi University)
942 _cDIS
_h510.7, VER/DI
999 _c1398361
_d1398361